| 000 | 00631nam a2200217 a 4500 | ||
|---|---|---|---|
| 005 | 20250111063756.0 | ||
| 008 | 991125s1988 mx 000 0 spa u | ||
| 020 | _a9684264623 | ||
| 035 | _aUPN01000014371 | ||
| 049 | _aCG | ||
| 050 | 4 |
_aHF5549.5 T7 _bC3 no.11 |
|
| 100 | 1 |
_aRodríguez Estrada, Mauro, _d1930-2007 |
|
| 245 | 1 | 0 |
_aDesarrollo secretarial / _cMauro Rodríguez Estrada, Mayra Díaz Real. |
| 250 | _a2a ed. | ||
| 260 |
_aMéxico : _bManual Moderno, _c1988. |
||
| 300 | _a87 p. | ||
| 440 | 0 |
_aCapacitación integral ; _v11 |
|
| 650 | 4 |
_aSecretarias _95292 |
|
| 700 | 1 |
_aDíaz Real, Mayra, _ecoaut. |
|
| 905 | _aLibro | ||
| 999 |
_c14371 _d14371 |
||